000 00815nam a2200325Ia 4500
008 170203s9999 xx 000 0 und d
020 _a9781419706837
050 _aFic
050 _bK55w
100 _aKinney, Jeff.
245 4 _aThe wimpy kid :
245 _bdo-it-yourself book /
245 _cby Jeff Kinney.
260 _aNew York :
260 _bAmulet Books,
260 _c2008
300 _a88, [130] pages :
300 _b illustrations (some color) ;
300 _c21 cm
440 _aDiary of a wimpy kid ;
650 _aBest friends --
650 _aDiaries --
650 _aHumorous fiction, American.
650 _aMiddle schools --
650 _aSchools --
650 _xFiction.
650 _xFiction.
650 _xFiction.
650 _xJuvenile literature.
999 _c306288
_d306288